<?xml version="1.0" encoding="UTF-8"?>
<collection xmlns="http://www.loc.gov/MARC21/slim">
  <record>
    <leader>00000nam  2200000   4500</leader>
    <controlfield tag="001">INLIS000000000002941</controlfield>
    <controlfield tag="005">20191022085233</controlfield>
    <datafield tag="035" ind1="#" ind2="#">
      <subfield code="a">0010-0718002941</subfield>
    </datafield>
    <controlfield tag="008">191022################g##########0#ind##</controlfield>
    <datafield tag="041" ind1=" " ind2=" ">
      <subfield code="a">id</subfield>
    </datafield>
    <datafield tag="082" ind1="#" ind2="#">
      <subfield code="a">001.42</subfield>
    </datafield>
    <datafield tag="090" ind1=" " ind2=" ">
      <subfield code="a">001.42 Vre m</subfield>
    </datafield>
    <datafield tag="100" ind1=" " ind2="#">
      <subfield code="a">Vredenbregt, Jacob</subfield>
    </datafield>
    <datafield tag="245" ind1="1" ind2="#">
      <subfield code="a">Metode dan Teknik Penelitian Masyarakat</subfield>
    </datafield>
    <datafield tag="250" ind1="#" ind2="#">
      <subfield code="a">Ed. 1, Cet. 4</subfield>
    </datafield>
    <datafield tag="260" ind1="#" ind2="#">
      <subfield code="a">Jakarta :</subfield>
      <subfield code="b">PT Gramedia Jakarta,</subfield>
      <subfield code="c">1981</subfield>
    </datafield>
    <datafield tag="300" ind1="#" ind2="#">
      <subfield code="a">xv; 139 hlm. :</subfield>
      <subfield code="b">ilus ;</subfield>
      <subfield code="c">21 cm</subfield>
    </datafield>
    <datafield tag="500" ind1="#" ind2="#">
      <subfield code="a">Buku pelajaran mengenai metode penelitian, yang memberi petunjuk bagaimana mengadakan penelitian, akhir-akhir ini di Indonesia sudah tersedia beberapa judul. Baik yang menyangkut penelitian pada umumnya, maupun yang khusus ditujukan pada ilmu-ilmu sosial-budaya masing-masing. Dalam hal penelitian di bidang ilmu-ilmu sosial, atau kemasyarakatan, buku-buku yang dikarang atau diredaksikan oleh Guru besar ternama seperti Sutrisno Hadi. Koentjaraningrat dan Winarno Surachmad, termasuk kepustakaan baku yang digunakan dalam penataran penelitian di seluruh Indonesia, yang diselenggarakan oleh Direktorat Pembinaan Penelitian dan Pengabdian Masyarakat, Direktorat Jendral Pendidikan Tinggi, Departemen Pendidikan dan Kebudayaan.</subfield>
    </datafield>
    <datafield tag="650" ind1=" " ind2="#">
      <subfield code="a">Metode penelitian</subfield>
    </datafield>
    <datafield tag="084" ind1="#" ind2="#">
      <subfield code="a">001.42 Vre m</subfield>
    </datafield>
    <datafield tag="856" ind1="#" ind2="#">
      <subfield code="a">Perpustakaan Lembaga Administrasi Negara</subfield>
    </datafield>
    <datafield tag="990" ind1="#" ind2="#">
      <subfield code="a">19807</subfield>
    </datafield>
  </record>
</collection>
